| Tag |
First Indicator |
Second Indicator |
Subfields |
| LEADER |
00000cam a22000004a 4500 |
| 001 |
in00002319086 |
| 005 |
20151109120539.0 |
| 008 |
080124s2008 cauab b 001 0ceng |
| 010 |
|
|
|a 2008003537
|
| 015 |
|
|
|a GBA820384
|2 bnb
|
| 016 |
7 |
|
|a 014525159
|2 Uk
|
| 020 |
|
|
|a 9781598741940 (hardback : alk. paper)
|
| 020 |
|
|
|a 1598741942 (hardback : alk. paper)
|
| 020 |
|
|
|a 9781598741957 (pbk. : alk. paper)
|
| 020 |
|
|
|a 1598741950 (pbk. : alk. paper)
|
| 029 |
1 |
|
|a NLGGC
|b 309882230
|
| 035 |
|
|
|a (OCoLC)ocn183262303
|
| 035 |
|
|
|a (OCoLC)183262303
|
| 040 |
|
|
|a DLC
|c DLC
|d BTCTA
|d BAKER
|d YDXCP
|d UKM
|d C#P
|d CDX
|d BWX
|d UtOrBLW
|
| 043 |
|
|
|a s-gy---
|
| 049 |
|
|
|a TXAM
|
| 050 |
0 |
0 |
|a HQ1565.3.Z75
|b A364 2008
|
| 082 |
0 |
0 |
|a 305.48/80092/2881
|2 22
|
| 100 |
1 |
|
|a Nettles, Kimberly D.
|
| 245 |
1 |
0 |
|a Guyana diaries :
|b women's lives across difference /
|c Kimberly D. Nettles.
|
| 264 |
|
1 |
|a Walnut Creek, Calif. :
|b Left Coast Press,
|c [2008]
|
| 264 |
|
4 |
|c ©2008
|
| 300 |
|
|
|a 316 pages :
|b illustrations, map ;
|c 23 cm.
|
| 336 |
|
|
|a text
|b txt
|2 rdacontent
|
| 337 |
|
|
|a unmediated
|b n
|2 rdamedia
|
| 338 |
|
|
|a volume
|b nc
|2 rdacarrier
|
| 490 |
1 |
|
|a Writing lives: ethnographic narratives
|
| 504 |
|
|
|a Includes bibliographical references (pages 297-307) and index.
|
| 505 |
0 |
|
|a Preface -- Introductions -- Histories -- Critical incidents: representing others, representing self -- The Guyana diaries -- Shifting ground -- Women's work -- Woman out of place -- Meet us where we are -- "By the grace of God, we are making out" -- "We all ... we is women together" -- A daughter comes home ... to self -- Leaving Guyana -- Epilogue -- Notes -- References -- Index -- About the author.
|
| 650 |
|
0 |
|a Women
|z Guyana
|v Biography.
|
| 650 |
|
0 |
|a Women
|z Guyana
|x Social conditions.
|
| 830 |
|
0 |
|a Writing lives--ethnographic narratives.
|
| 938 |
|
|
|a Baker and Taylor
|b BTCP
|n BK0007549215
|
| 938 |
|
|
|a Baker & Taylor
|b BKTY
|c 65.00
|d 65.00
|i 1598741942
|n 0007549214
|s active
|
| 938 |
|
|
|a Baker & Taylor
|b BKTY
|c 29.95
|d 29.95
|i 1598741950
|n 0007549215
|s active
|
| 938 |
|
|
|a Coutts Information Services
|b COUT
|n 7064092
|c 29.95 USD
|
| 938 |
|
|
|a YBP Library Services
|b YANK
|n 2761125
|
| 938 |
|
|
|a Blackwell Book Service
|b BBUS
|n R7730539
|c $29.95
|
| 945 |
|
|
|a PromptCat
|b 510640
|
| 946 |
|
|
|a stk
|
| 947 |
|
|
|a A14836757381
|
| 994 |
|
|
|a 92
|b TXA
|
| 948 |
|
|
|a cataloged
|b h
|d 2008/9/25
|h c
|e asalazar
|f 9:29:08 am
|
| 999 |
|
|
|a MARS
|
| 999 |
f |
f |
|s 5eceb2ac-bf9a-3625-9e0d-233c054cb07a
|i f32eab56-bcca-308e-836c-0ddb53976753
|t 0
|
| 952 |
f |
f |
|p ric
|a Texas A&M University
|b Rellis Campus
|c Joint Library Facility
|d Remote Storage
|t 0
|e HQ1565.3.Z75 A364 2008
|h Library of Congress classification
|i unmediated -- volume
|m A14836757381
|
| 998 |
f |
f |
|a HQ1565.3.Z75 A364 2008
|t 0
|l Remote Storage
|